Zabezpečenie účasti hotela na veľtrhu cestovného ruchu

Bibliographic Details
Main Author: Makovník, Tomáš, 1979-2023 (Author)
Format: Article
Language:Slovak
ISSN:0139-8660
Subjects:

MARC

LEADER 00000nab a2200000 a 4500
001 vtls000832186
003 SK-MaSNL
005 20260303235220.0
008 140402c2003 xo 0 slo
015 |a SNBRB2003/04-12115 
035 |a CLN000183841 
040 |a SNKBUCL  |b slo  |c SNKBUCL  |e AACR2 
041 0 |a slo 
044 |a xo  |c SK 
080 |a 338.48:061.3:64.024.1  |2 1997 
080 |a 64.024.1:659.1  |2 1997 
080 |a 659.1  |2 1997 
100 1 |a Makovník, Tomáš,  |d 1979-2023  |4 aut  |9 246380 
245 1 0 |a Zabezpečenie účasti hotela na veľtrhu cestovného ruchu  |c Tomáš Makovník 
504 |a Bibliogr. odkazy 
650 0 7 |a ruch cestovný  |x veľtrhy  |x hotely  |x prezentácia  |2 snkbucl  |9 1273681 
650 0 7 |a hotely  |2 snkbucl  |9 18422 
655 7 |a články z novín a časopisov  |2 snkbucl  |9 267496 
773 0 |t Ekonomická revue cestovného ruchu  |g Roč. 36, č. 1 (2003), s. 53-54  |x 0139-8660 
850 |a Slovenská národná knižnica v Martine 
852 |a SNK  |b KIS3GCP 
958 |a NB 
992 |a RBX 
999 |c 2524621  |d 2526551